000 00860nam a22002417a 4500
003 OSt
005 20251105023816.0
008 251105b |||||||| |||| 00| 0 eng d
020 _a 13 : 978-0-323-04552-0
040 _aDWCL-Admin lib
_cOC
082 _aCirc. 615.855 G136i 2007
100 _aGahart, Betty L.
245 _a Intravenous medications : a handbook for nurses and health professional /
_cBetty L. Gahart
260 _aSt. Louis, Mo. :
_bMosby/elsevier,
_cc2007
300 _a xxiv, 1365 p. ;
_c22 cm.
504 _aincludes index.
650 _a1. Infusions, Intravenous-Handbooks.
650 _a2. Injections, Intravenous-handbooks.
650 _a3. Intravenous theraphy-handbooks, manuals, etc.
650 _a4. pharmacopoeias-handbooks, manuals, etc.
700 _aNazareno, Adrienne R.
942 _2ddc
_cBK-CIRC
_e23rd ed.
_kCirc.
_n0
999 _c5466
_d5466